00822nam a2200181 a 450000100100000000500170001000800410002704000250006808200160009310000350010924500650014426000730020930000200028204900090030295201140031195201980042599900170062300003137820200930062905.0110620s1989 dr 000 0 spa d aDO-SdBNPbspacBNPHU axxxxbN124c1 aNacidit-Perdomo, Ylonka92314210aContacto de una mirada :b(poema) /cYlonka Nacidit-Perdomo. aSanto Domingo :bL. R. Sánchez R., M. J. Colón, editores,c1989. a69 p. ;c18 cm. aBNPD 0010718PDaPDbPDcHDd2011-06-20iLF1l0oxxxx N124cp31378-10r2020-06-25w2020-06-25yLFPDZNo se presta 0010718PDaPDbPDcHDd2015-08-13iLF1l0oxxxx N124cp31378-20r2020-06-25te. 2w2020-06-25yLFPDzPerteneció a la biblioteca personal de Chiqui Vicioso / Fidelio Despradel.ZNo se presta c30870d30870